[Event "USA-chT Amateur East"]
[Site "Parsippany"]
[Date "2001.02.18"]
[Round "3"]
[White "Rapoport, Maksim"]
[Black "Capolongo, John J"]
[Result "0-1"]
[WhiteElo "1222"]
[BlackElo "1797"]
[PlyCount "112"]
[EventDate "2001.02.17"]
[EventType "team"]
[EventRounds "6"]
[EventCountry "USA"]
[SourceTitle "EXT 2002"]
[Source "ChessBase"]
[SourceDate "2001.11.25"]
[SourceVersion "1"]
[SourceVersionDate "2001.11.25"]
[SourceQuality "1"]

1. e4 g6 2. d4 Bg7 3. Nc3 d6 4. f4 Nf6 5. Nf3 c6 6. Be3 Qa5 7. Be2 Nxe4 8. Bd2 Nxd2 9. Qxd2 0-0 10. 0-0-0 b5 11. Kb1 Be6 12. a3 Nd7 13. Ng5 Bc4 14. Na2 Qxd2 15. Rxd2 Bxe2 16. Rxe2 e6 17. c3 Nf6 18. Nb4 Rac8 19. Kc2 a5 20. Nd3 h6 21. Nf3 Nd5 22. g3 Rc7 23. Nd2 Nb6 24. b3 Rfc8 25. Ne4 Bf8 26. h4 d5 27. Nec5 a4 28. Na6 axb3+ 29. Kxb3 Ra7 30. Ndc5 Na4 31. h5 Nxc5+ 32. Nxc5 Bxc5 33. dxc5 Rca8 34. Ra2 Kg7 35. hxg6 Kxg6 36. Rha1 Ra4 37. Rd2 Rc4 38. Rd4 Raa4 39. Rxc4 Rxc4 40. a4 bxa4+ 41. Rxa4 Rxc5 42. Ra6 Rc4 43. Ra7 Re4 44. Rc7 Re3 45. f5+ exf5 46. Rxc6+ Kg5 47. Rd6 Rxg3 48. Rxd5 h5 49. Kb4 h4 50. c4 h3 51. Rd1 Kg4 52. c5 h2 53. Rh1 Kh3 54. c6 Kg2 55. c7 Rg8 56. Rxh2+ Kxh2 0-1